000 01376cam a22003014a 4500
999 _c330316
_d330316
001 12011072
003 NUST
005 20170620122606.0
008 000517s2000 enkaf bf 001 0 eng
010 _a 00041187
020 _z074840614X (alk. paper)
040 _aDLC
_cDLC
_dDLC
042 _apcc
050 0 0 _aQR46.5
_b.H36 2000
082 0 0 _a615.19 ROS
_221
245 0 0 _aHandbook of microbiological quality control :
_bpharmaceuticals and medical devices /
_cedited by Rosamund M. Baird, Norman A. Hodges, Stephen P. Denyer.
260 _aLondon ;
_aNew York :
_bTaylor & Francis,
_c2000.
300 _axvi, 254 p., [4] p. of plates :
_bill. (some col.) ;
_c26 cm.
440 0 _aTaylor & Francis series in pharmaceutical sciences
_92919
500 _aH.B
504 _aIncludes bibliographical references and index.
650 0 _aPharmaceutical microbiology
_vHandbooks, manuals, etc.
_92920
650 0 _aDrugs
_xSterilization
_vHandbooks, manuals, etc.
_92921
650 0 _aPharmaceutical industry
_xQuality control
_vHandbooks, manuals, etc.
_92922
700 1 _aDenyer, S. P.
_92923
700 1 _aBaird, R. M.
_q(Rosamund M.)
_92924
700 1 _aHodges, Norman A.
_92925
906 _a7
_bcbc
_corignew
_d1
_eocip
_f20
_gy-gencatlg
942 _2ddc
_cBK
_kIESE